01474nam a2200253 a 4500008004100000020001500041050001700056100002400073245004900097260004400146300002300190350000900213490003500222500001800257650003400275650004100309995016500350995014400515995016500659999001700824952012700841952012500968952012701093120416s1983 ||||||||||||||||| || u a0870943677 aRC 480.7 Pas aPascal, Gerald Ross14aThe practical art of diagnostic interviewing aHomewood, Ill. :bDow Jones-Irwinc1983 avii, 124 p. : ill. a0.00 aThe Dorsey professional series aBibliography. aInterviewing in mental health aPsychology, Pathological - Diagnosis aANNEX COLLECTION (Main Library)D0.00e713746FCBU-MAIN LIBRARY (Kitwe)H1I17.95jRC 480.7 PasM1UAVAILABLEWApr 19, 2007y013155ZAnnex Low-Usage Collection  aTEXTBOOKS (SB)D0.00e1105FCBU-SCHOOL TEXTBOOK COLLECTIONSH1I0.00jSCHOOL TEXTBOOKM3UAVAILABLEWSep 14, 2009y1105ZSchool Collections aANNEX COLLECTION (Main Library)D0.00e713745FCBU-MAIN LIBRARY (Kitwe)H2I17.95jRC 480.7 PasM2UAVAILABLEWApr 19, 2007y013154ZAnnex Low-Usage Collection  c82105d82105 00102lcc4070a001b001cAnnex Low-Usage Collectiond2023-09-12l0oRC 480.7 Pasp013155r2023-09-12t1w2023-09-12y002 00102lcc4070a005b005c(SB) School Collectionsd2023-09-12l0oSCHOOL TEXTBOOKp1105r2023-09-12t2w2023-09-12y002 00102lcc4070a001b001cAnnex Low-Usage Collectiond2023-09-12l0oRC 480.7 Pasp013154r2023-09-12t3w2023-09-12y002